000 00901nam a2200253 4500
001 127256
003 ES-MaACL
005 20250824201533.0
007 t|
008 070214s1989 sp r ||||1| spa d
020 _a84-86168-39-2
020 _a84-368-0451-1
100 1 _aReynolds, Dennis.
_996628
245 1 0 _aAutomatización de bibliotecas
_b: problemática y aplicaciones /
_cDennis Reynolds ; traducción del inglés de Manuel Carrión Gútiez, David Torra Ferrer.
260 _aMadrid :
_bFundación Germán Sánchez Ruipèrez : Pirámide,
_c1989.
300 _a840 p. ;
_c22 cm.
490 1 _aBiblioteca del libro
700 1 _aCarrión Gútiez, Manuel.
_935810
700 1 _aTorra Ferrer, David.
_9110706
710 0 0 _aFundación Germán Sánchez Ruipérez.
_94313
830 0 0 _aBiblioteca del libro
_9177916
852 _aES-MaACL
_jL-13074
_bR.116326
999 _c127256
_d127256